| 000 | 00919cam a2200289 a 4500 | ||
|---|---|---|---|
| 999 |
_c7931 _d7931 |
||
| 001 | 7931 | ||
| 003 | BD-JhCC | ||
| 005 | 20190311092310.0 | ||
| 008 | 871023r19851885onca b 000 1 eng d | ||
| 020 | _a0665501609 | ||
| 035 | _a(BD-JhCC)7931 | ||
| 035 | _a2862380 | ||
| 040 |
_aOCLC _cOCLC _dBD-JhCC |
||
| 041 | _aeng | ||
| 082 |
_bTWA 1961 _223 _a813.4 |
||
| 100 | 1 |
_aTwain, Mark, _d1835-1910. |
|
| 245 | 1 | 0 |
_aAdventures of Huckleberry Finn (Tom Sawyer's comrade) _bscene, the Mississippi valley, time, forty to fifty years ago / _cby Mark Twain. |
| 260 |
_aMontreal : _bDawson, _c1885. |
||
| 300 |
_a366 p. : _bill. |
||
| 500 | _aReproduction of original in: Thomas Fisher Rare Book Library. | ||
| 650 | _aFinn, Huckleberry (Fictitious character) | ||
| 650 | _aRace relations | ||
| 650 | _aRunaway children | ||
| 830 | 0 |
_aCIHM/ICMH microfiche series ; _vno. 50160. |
|
| 942 |
_2ddc _cBK |
||